| LEADER |
01153nam0a2200217 450 |
| 001 |
16867889 |
| 010 |
|
|
|a 978-2-84868-692-9Â
|b br.Â
|d 22,6 €Â
|
| 100 |
|
|
|a 20260320d2026 u u0frey01 baÂ
|
| 101 |
0 |
|
|a freÂ
|
| 102 |
|
|
|a FRÂ
|
| 200 |
0 |
|
|a pré des églantines (Le)Â
|f Jeanine BerducatÂ
|
| 205 |
|
|
|a [Ed.] en gros caractèresÂ
|
| 207 |
|
1 |
|a Â
|
| 210 |
|
|
|a ParisÂ
|c La LoupeÂ
|d DL 2017Â
|
| 215 |
|
|
|a 1 vol. (389 p.)Â
|c CouvÂ
|d 22 cmÂ
|
| 225 |
1 |
|
|a TerroirÂ
|
| 330 |
|
|
|a Clémence est née en Berry, dans un village qui peine à se remettre de la grande saignée de 14-18. Dans cet univers laborieux, la jeune fille s'accorde cependant sa part de rêves, dans le pré des églantines ; jusqu'au jour où elle prendra la décision de quitter cette terre, fuyant la volonté de son père qui veut la marier contre son gré, et se retrouvera à Paris ! La découverte de la capitale est un choc pour cette provinciale formée à l'école des traditions rurales du silence et du sort accepté.Â
|
| 700 |
|
0 |
|a BerducatÂ
|b JeanineÂ
|f 1952-....Â
|4Â 70Â
|
| 900 |
|
|
|a RomanÂ
|
| 901 |
|
|
|a AdultesÂ
|
| 995 |
|
|
|a MédiathèqueÂ
|c MédiathèqueÂ
|f 089021800Â
|h 089021800Â
|k R BER LVÂ
|o pÂ
|q aÂ
|r agÂ
|e MédiathèqueÂ
|